Länder mit Atomkraftwerken - Statistiken

Allgemein
  • Dieses Quiz wurde 483 mal gespielt
  • Das Durchschnittsergebnis liegt bei 21 aus 30
Antwortstatistiken
Hint Antwort % Korrekt
92 Vereinigte Staaten
99%
55 China
97%
56 Frankreich
97%
37 Russland
96%
33 Japan
91%
19 Kanada
89%
22 Indien
88%
7 Spanien
88%
3 Deutschland
87%
15 Ukraine
87%
2 Brasilien
83%
2 Mexiko
82%
25 Südkorea
75%
9 Vereinigtes Königreich
75%
3 Argentinien
70%
6 Schweden
70%
1 Iran
68%
5 Finnland
67%
5 Belgien
65%
6 Tschechien
65%
4 Schweiz
63%
1 Niederlande
62%
6 Pakistan
58%
2 Südafrika
58%
2 Rumänien
55%
4 Ungarn
52%
2 Bulgarien
50%
5 Slowakei
50%
1 Slowenien
40%
1 Armenien
11%
Keine übereinstimmenden Quizze gefunden
Verteilung der Resultate
Anzahl Personen mit jedem Resultat
Perzentil nach korrekt beantworteten Fragen
Ihre Resultats-Entwicklung
Sie haben dieses Quiz noch nicht gespielt